000 00621nam a22002177a 4500
003 OSt
005 20250104100426.0
008 250104b |||||||| |||| 00| 0 eng d
020 _a8187655860
040 _cSTCPL
041 _aMAL
082 _aM8
_bGEO-P
100 _aPayyapilly, Geo
_qജിയോ പയ്യപ്പിള്ളി
245 _aPrakasharekha /
_cby Geo Payyapilly
_hപ്രകാശരേഖ
260 _aTrivandrum :
_bCaramel Publishing Centre ,
_c2005 .
300 _a264 p.
_bPB
650 _aMalayalam literature
650 _aMiscellaneous works
942 _cBK
942 _2ddc
_n0
999 _c84084
_d84084